Logo BPK

Biblioteka

Politechniki Koszalińskiej

Europe's environment : (Rekord nr 30806)

Szczegóły MARC
000 -ETYKIETA REKORDU
podpole kontrolne o stałej długości 00852nam a2200217 i 4500
001 - NUMER KONTROLNY REKORDU
pole kontrolne bg
020 ## - MIĘDZYNARODOWY ZNORMALIZOWANY NUMER KSIĄŻKI - ISBN
ISBN 9282654095
040 ## - ŹRÓDŁO KATALOGOWANIA
Instytucja, która utworzyła rekord BPK
041 0# - KOD JĘZYKA
Kod języka tekstu en
080 ## - UNIWERSALNA KLASYFIKACJA DZIESIĘTNA - UKD
UKD 504(4)
920 ## - Międzynarodowy znormalizowany numer książki – ISBN
ISBN 92-826-5409-5
008 - POLE O STAŁEJ DŁUGOŚCI - DANE KONTROLNE
podpole kontrolne o stałej długości s pl f |000 0 pol
245 70 - TYTUŁ/ODPOWIEDZIALNOŚĆ
Tytuł Europe's environment :
Ciąg dalszy tytułu the Dobříš Assessment /
Pozostałe elementy strefy tytułu i oznaczenia odpowiedzialności ed. by David Stanners and Philippe Bourdeau.
260 ## - STREFA ADRESU WYDAWNICZEGO
Miejsce wydania Copenhagen :
Nazwa wydawcy/dystrybutora European Environment Agency,
Data publikacji, dystrybucji/powstania dokumentu 1995.
300 ## - STREFA OPISU FIZYCZNEGO
Objętość 676 s. :
Inne cechy fizyczne fot., mapy, rys., wykr. kolor. ;
Rozmiary 30 cm.
500 ## - UWAGI OGÓLNE
Tekst uwagi The report on the state of the pan-European environment requested by the environment ministers for the whole of Europe at the ministerial conference held at Dobříš Castle, Czechoslovakia, June 1991.
650 #9 - HASŁO PRZEDMIOTOWE W FORMIE NAZWY OGÓLNEJ LUB JEDNOSTKOWEJ
Nazwa ogólna lub geograficzna Środowisko człowieka
Określnik geograficzny Europa
700 1# - HASŁO DODATKOWE - NAZWA OSOBOWA
Nazwa osobowa STANNERS, David.
Określenie związku między hasłem a opisywanym materiałem Red.
700 1# - HASŁO DODATKOWE - NAZWA OSOBOWA
Nazwa osobowa BOURDEAU, Philipe.
Określenie związku między hasłem a opisywanym materiałem Red.
942 ## - DODATKOWE ELEMENTY (KOHA)
Typ dokumentu Książka
Egzemplarze
Wycofany Status egzemplarza Uszkodzony Dostępność Lokalizacja stała Lokalizacja bieżąca Miejsce przechowywania Sygnatura Kod kreskowy Typ dokumentu
      Dostępny Biblioteka Politechniki Koszalińskiej Biblioteka Politechniki Koszalińskiej Wypożyczalnia BG 37663 01963816 Książka
© 2023 Biblioteka Politechniki Koszalińskiej :: KOHA